000 00271nam a2200109Ia 4500
008 200302s9999 xx 000 0 und d
100 _aE. D. Setty
245 _aNew Approaches to Rural Development
260 _bAnnmol Publication Ltd.
260 _c2001
300 _a376 P.,
999 _c5513
_d5513